[Event "FRA-chT4 0102"]
[Site "Champagne Ardenne"]
[Date "2001.11.18"]
[Round "2"]
[White "Bultel, Bruno"]
[Black "Bouffin, Jean Christophe"]
[Result "1-0"]
[WhiteElo "1920"]
[BlackElo "1800"]
[PlyCount "74"]
[EventDate "2002.10.??"]
[EventType "team"]
[EventRounds "7"]
[EventCountry "FRA"]
[SourceTitle "EXT 2005"]
[Source "ChessBase"]
[SourceDate "2004.11.15"]
[SourceVersion "1"]
[SourceVersionDate "2004.11.15"]
[SourceQuality "1"]

1. e4 d5 2. e5 Bf5 3. d4 e6 4. Nf3 h6 5. Bd3 Bxd3 6. Qxd3 c5 7. dxc5 Qa5+ 8. Nc3 Bxc5 9. Bd2 Qa6 10. Qb5+ Qxb5 11. Nxb5 Kd7 12. b4 Bf8 13. c4 a6 14. Nbd4 Ne7 15. Rc1 Nbc6 16. b5 Nxd4 17. Nxd4 dxc4 18. Rxc4 axb5 19. Nxb5 Nc6 20. a4 g5 21. 0-0 Bg7 22. f4 gxf4 23. Rcxf4 Bxe5 24. Rxf7+ Ne7 25. Bb4 Rhe8 26. Rd1+ Kc6 27. Rxe7 Rxe7 28. Bxe7 Rxa4 29. Na3 b5 30. Nc2 Rf4 31. Bb4 Bc7 32. Bd2 Bb6+ 33. Be3 b4 34. Nd4+ Bxd4 35. Bxd4 Kb5 36. g3 Re4 37. Kf2 Kc4 1-0

[Event "FRA-chT4 0001"]
[Site "Champagne Ardenne"]
[Date "2000.10.15"]
[Round "1"]
[White "Bouffin, Jean Christophe"]
[Black "Breton, Baptiste"]
[Result "0-1"]
[WhiteElo "1930"]
[BlackElo "1930"]
[PlyCount "60"]
[EventDate "2001.10.??"]
[EventType "team"]
[EventRounds "7"]
[EventCountry "FRA"]
[SourceTitle "EXT 2005"]
[Source "ChessBase"]
[SourceDate "2004.11.15"]
[SourceVersion "1"]
[SourceVersionDate "2004.11.15"]
[SourceQuality "1"]

1. d4 Nf6 2. Nf3 c5 3. d5 d6 4. Nc3 g6 5. e4 Nbd7 6. Bd3 Bg7 7. 0-0 0-0 8. a4 a6 9. Re1 Ng4 10. Bd2 Rb8 11. a5 Nge5 12. Nxe5 Nxe5 13. Bf1 Bd7 14. Na4 Bxa4 15. Rxa4 Qd7 16. Ra2 c4 17. Bc3 Qc7 18. f4 Qc5+ 19. Kh1 Nd7 20. Bxg7 Kxg7 21. Ra4 Rfc8 22. Bxc4 b5 23. axb6 Nxb6 24. Qa1 Kg8 25. Bxa6 Nxa4 26. Bxc8 Qxc2 27. Bd7 Rxb2 28. Bh3 Nc5 29. Qa8+ Kg7 30. Qa1 Nd3 0-1